Nailrile Ltd v Cadogan & Ors; Daejan Properties Ltd v Eyre Estate Trustees and others; Lalvani and others v Earl Cadogan and another; Metropolitan Properties Co (FGC) Ltd v Kingston and Haunes; UAE Investments Ltd v Alim Investments Ltd and Commissioners of the Exhibition of 1851 (Record no. 81483)
[ view plain ]
| 000 -LEADER | |
|---|---|
| fixed length control field | 02265cab a22002655a 4500 |
| 001 - CONTROL NUMBER | |
| control field | L147329 |
| 008 - FIXED-LENGTH DATA ELEMENTS--GENERAL INFORMATION | |
| fixed length control field | 090430e20091222xxk f v 000 0 eng d |
| 035 ## - SYSTEM CONTROL NUMBER | |
| System control number | (Sirsi) u147329 |
| 041 0# - LANGUAGE CODE | |
| Language code of text/sound track or separate title | eng |
| 245 00 - TITLE STATEMENT | |
| Title | Nailrile Ltd v Cadogan & Ors; Daejan Properties Ltd v Eyre Estate Trustees and others; Lalvani and others v Earl Cadogan and another; Metropolitan Properties Co (FGC) Ltd v Kingston and Haunes; UAE Investments Ltd v Alim Investments Ltd and Commissioners of the Exhibition of 1851 |
| Medium | [electronic resource] |
| 260 ## - PUBLICATION, DISTRIBUTION, ETC. | |
| Date of publication, distribution, etc. | 2008 |
| 520 ## - SUMMARY, ETC. | |
| Summary, etc. | [2008] EWLands LRA_114_2006, 22 December 2008. The valuation of intermediate leases will be more complex than before. The Lands Tribunal made an interim decision in five conjoined appeals against leasehold valuation tribunal decisions raising issues about the amount payable to the intermediate leaseholder (L) under the Leasehold Reform, Housing and Urban Development Act 1993 Sc.13 where the qualifying tenant (T) exercised his right to the grant of a new lease under the Act. In all cases, the rent payable by L to its landlord, the freeholder (F), exceeded the rent that L would receive from T following the grant of the new lease and the abatement of T's rent to a peppercorn under s56(1). Case raised the issue of how to value a negative income flow. Held: appeals allowed in part. The Lands Tribunal set out the principles to be followed in the valuation of an intermediate leaseholder's interest in a flat pursuant to the Act. The accumulative rate should be the risk-free rate of 2.25% as taken in Sportelli. |
| 590 ## - LOCAL NOTE (RLIN) | |
| Local note | KA |
| 650 24 - SUBJECT ADDED ENTRY--TOPICAL TERM | |
| Topical term or geographic name entry element | LEASEHOLD REFORM, HOUSING AND URBAN DEVELOPMENT ACT 1993 S56(1) |
| 650 24 - SUBJECT ADDED ENTRY--TOPICAL TERM | |
| Topical term or geographic name entry element | LEASEHOLD REFORM, HOUSING AND URBAN DEVELOPMENT ACT 1993 SCHED 13 |
| 650 24 - SUBJECT ADDED ENTRY--TOPICAL TERM | |
| Topical term or geographic name entry element | EARL CADOGAN AND ANOTHER V SPORTELLI AND ANOTHER |
| 650 24 - SUBJECT ADDED ENTRY--TOPICAL TERM | |
| Topical term or geographic name entry element | RAILTRACK PLC AND ANOTHER V GUINNESS LTD |
| 650 24 - SUBJECT ADDED ENTRY--TOPICAL TERM | |
| Topical term or geographic name entry element | JONES V WROTHAM PARK SETTLED ESTATES |
| 650 24 - SUBJECT ADDED ENTRY--TOPICAL TERM | |
| Topical term or geographic name entry element | GHAIDAN V GODIN-MENDOZA |
| 650 24 - SUBJECT ADDED ENTRY--TOPICAL TERM | |
| Topical term or geographic name entry element | ARROWDELL V CONISTON COURT (NORTH) HOVE LTD |
| 651 #4 - SUBJECT ADDED ENTRY--GEOGRAPHIC NAME | |
| Geographic name | England and Wales |
| Chronological subdivision | 1543- |
| 690 ## - LOCAL SUBJECT ADDED ENTRY--TOPICAL TERM (OCLC, RLIN) | |
| Topical term or geographic name as entry element | PROPERTY-LANDLORD AND TENANT-LEASES-LEASEHOLD ENFRANCHISEMENT |
| 856 40 - ELECTRONIC LOCATION AND ACCESS | |
| Uniform Resource Identifier | <a href="https://www.bailii.org/ew/cases/EWLands/2008/LRA_114_2006.html">https://www.bailii.org/ew/cases/EWLands/2008/LRA_114_2006.html</a> |
| Public note | View the report at www.bailii.org... |
| 942 ## - ADDED ENTRY ELEMENTS (KOHA) | |
| Suppress in OPAC | 0 |
| Withdrawn status | Lost status | Source of classification or shelving scheme | Damaged status | Not for loan | Home library | Current library | Shelving location | Date acquired | Total Checkouts | Full call number | Barcode | Date last seen | Copy number | Price effective from | Koha item type |
|---|---|---|---|---|---|---|---|---|---|---|---|---|---|---|---|
| Dewey Decimal Classification | Virtual | Virtual | Online | 12/05/2009 | ONLINE PUBLICATION | 147329-1001 | 06/08/2019 | 1 | 06/08/2019 | Law report |